Návrh jednoúčelového zariadenia pre finálne profilovanie plechového pásu

Gespeichert in:
Bibliographische Detailangaben
1. Verfasser: Kyselica, Ján (Verfasst von)
Weitere Verfasser: Kuruc, Marcel (Betreuung Doktorarbeit)
Format: Manuskript Buch
Sprache:Slowakisch
Veröffentlicht: 2025
Schlagworte:
Online-Zugang:http://is.stuba.sk/zp/portal_zp.pl?podrobnosti=183996
Tags: Tag hinzufügen
Keine Tags, Fügen Sie das erste Tag hinzu!

MARC

LEADER 00000ntm a22000003a 4500
001 stuzp103474
003 SK-STU
005 20250614212008.2
007 ta
008 150427s2015----xo-----f-mn---000-0-slo-d
040 |a STU  |b slo 
041 0 |a slo 
100 1 |a Kyselica, Ján  |u 063000  |4 aut  |U MTF Materiálovotechnologická fakulta  |T MTF Ústav výrobných technológií  |X 29719  |U M3000  |Y 83  |7 29719 
242 0 1 |a Design of a single-purpose device for the final sheet metal profiling belt  |y eng 
245 1 0 |a Návrh jednoúčelového zariadenia pre finálne profilovanie plechového pásu 
260 |c 2025 
650 4 |a CAD modeling  |2 eng 
650 4 |a Sheet metal profiling  |2 eng 
650 4 |a Engineering design  |2 eng 
650 4 |a Konštrukčný návrh  |2 slo 
650 4 |a Profilovanie plechov  |2 slo 
650 4 |a CAD modelovanie  |2 slo 
700 1 |a Kuruc, Marcel  |u 063200  |k Z1  |4 ths  |U MTF Ústav výrobných technológií  |T MTF Katedra obrábania a počítačovej podpory technológií  |X 48583  |U M3200  |Y 164  |7 A000048583 
856 4 |u http://is.stuba.sk/zp/portal_zp.pl?podrobnosti=183996 
996 |c M* DP-15591  |l MMSKP  |s P  |a 0  |w stuzp103474_0001